00635nam a2200169Ia 450000500170000000800410001702000180005808200210007610000280009724500490012526000380017430000110021244000090022394200070023299900190023995202070025820241106112704.0240126s9999 xx 000 0 und d a9788184958553 a813.08 HAL;1 R aHallegue, Madhur Zakir. 0a100 desi stories : wisdom from Ancient India bJaico PublishingaAhmedabadc2017 ax, 240 aNULL cPU c288898d288898 r2024-11-18 00:00:00l5m4o813.08 HAL;1 RpPU10711h(09/07/1905)s2024-09-28v239.20w2024-01-26yPU1040708CL00K1227aMLbLRCcCLd2019-10-09eSreenivasan K Vg299.00EGENGRSF1V20UPercentage